Secretarial practice : (Record no. 129095)

MARC details
000 -LEADER
fixed length control field 00746nam a22002417a 4500
005 - DATE AND TIME OF LATEST TRANSACTION
control field 20170124110051.0
010 ## - LIBRARY OF CONGRESS CONTROL NUMBER
LC control number A-436000
020 ## - INTERNATIONAL STANDARD BOOK NUMBER
Terms of availability 00.00
035 ## - SYSTEM CONTROL NUMBER
System control number A-436000
037 ## - SOURCE OF ACQUISITION
Source of stock number/acquisition Cen Lib/Ret
040 ## - CATALOGING SOURCE
Original cataloging agency DPL
Language of cataloging EN
082 ## - DEWEY DECIMAL CLASSIFICATION NUMBER
Classification number 651.374
Item number KUC
100 ## - MAIN ENTRY--PERSONAL NAME
Personal name Kuchhal, M.C.
9 (RLIN) 14615
245 ## - TITLE STATEMENT
Title Secretarial practice :
Statement of responsibility, etc by M.C.Kuchhal
Remainder of title under the companies act ,1956 as amended to date /
250 ## - EDITION STATEMENT
Edition statement 13th rev. ed
260 ## - PUBLICATION, DISTRIBUTION, ETC. (IMPRINT)
Place of publication, distribution, etc New Delhi
Name of publisher, distributor, etc Vikas Publishing House
Date of publication, distribution, etc 1990
270 ## - ADDRESS
Address 576,Masjid Road Jangpura
City New Delhi
Postal code 110014
300 ## - PHYSICAL DESCRIPTION
Extent xxiii, 634p.
Dimensions 21cm(Hb)
500 ## - GENERAL NOTE
General note Includes index.
650 ## - SUBJECT ADDED ENTRY--TOPICAL TERM
Topical term or geographic name as entry element Corporation law
9 (RLIN) 15472
650 ## - SUBJECT ADDED ENTRY--TOPICAL TERM
Topical term or geographic name as entry element Corporation secretaries
9 (RLIN) 19094
942 ## - ADDED ENTRY ELEMENTS (KOHA)
Source of classification or shelving scheme Dewey Decimal Classification
Koha item type English Books
Classification part 651.374
Call number suffix KUC
Holdings
Withdrawn status Lost status Damaged status Not for loan Home library Current library Date acquired Source of acquisition Cost, normal purchase price Total Checkouts Full call number Barcode Date last seen Copy number Cost, replacement price Price effective from Koha item type Public note
Written off       Central Library Central Library 04/07/2015 Cen Lib/Ret 0.00   651.374 KUC A-436000 04/07/2015 1 0.00 04/07/2015 English Books W/d List No. 6877/12 ; dtd 25/08/2022

© Delhi Public Library
Hit Counter
free hit counter